[Event "SVK-chT U16 rapid"]
[Site "Poprad"]
[Date "2025.05.04"]
[Round "2.28"]
[White "Durovska, Miriam"]
[Black "Flesko, Filip"]
[Result "0-1"]
[WhiteElo "1563"]
[BlackElo "1472"]
[PlyCount "66"]
[EventDate "2025.05.04"]
[EventType "team-swiss (rapid)"]
[EventRounds "7"]
[EventCountry "SVK"]
[SourceTitle "CB19_2025"]
[SourceDate "2025.05.07"]
[SourceVersion "1"]
[SourceVersionDate "2025.05.07"]
[SourceQuality "1"]

1. c4 e5 2. Nc3 g6 3. g3 Bg7 4. Bg2 Nf6 5. e3 d6 6. Nge2 0-0 7. 0-0 Bg4 8. h3 Bf5 9. e4 Be6 10. d3 Nc6 11. Be3 Nb4 12. a3 Nc6 13. b4 a6 14. b5 axb5 15. cxb5 Ne7 16. a4 b6 17. d4 exd4 18. Bxd4 c5 19. bxc6 Bc4 20. Re1 Nxc6 21. Rb1 Rb8 22. Nf4 Ne5 23. Bxe5 dxe5 24. Nfd5 Nxd5 25. exd5 Qd7 26. Qg4 Qe7 27. Qxc4 Rbc8 28. Qb3 Qc5 29. Rec1 Rb8 30. Ne4 Qd4 31. Qb2 Qxd5 32. Nc3 Qd4 33. Ne2 Qxa4 0-1

[Event "SVK-chT U16 rapid"]
[Site "Poprad"]
[Date "2025.05.04"]
[Round "5.32"]
[White "Hutta, Richard"]
[Black "Flesko, Filip"]
[Result "0-1"]
[WhiteElo "1084"]
[BlackElo "1472"]
[PlyCount "56"]
[EventDate "2025.05.04"]
[EventType "team-swiss (rapid)"]
[EventRounds "7"]
[EventCountry "SVK"]
[SourceTitle "CB19_2025"]
[SourceDate "2025.05.07"]
[SourceVersion "1"]
[SourceVersionDate "2025.05.07"]
[SourceQuality "1"]

1. e4 e5 2. Nf3 Nc6 3. Nc3 Nf6 4. Bc4 Nxe4 5. Nxe4 d5 6. Bxd5 Qxd5 7. d3 Qa5+ 8. Bd2 Qb5 9. Nc3 Qxb2 10. 0-0 Qb6 11. Nd5 Qc5 12. c4 g6 13. Bb4 Nxb4 14. Nxb4 Qxb4 15. Rb1 Qa3 16. Nxe5 Bg7 17. Nf3 0-0 18. Ng5 Qxa2 19. Re1 Bf5 20. Qe2 Qxe2 21. Rxe2 Bxd3 22. Rd2 Bxb1 23. Rd7 Bf6 24. Nf3 Rae8 25. Rxc7 Rd8 26. h3 Be4 27. Ne5 Bxe5 28. Re7 Rd1# 0-1